000 00679nam a22002417a 4500
003 UA-OsUOA
001 51350
007 ta
008 20140902b un ||||| |||| 00| 0 ukr d
100 _aGrame Th.
090 _a94(73)
942 _cBK
040 _aUA-OsUOA
_beng
_cUA-OsUOA
_dUA-OsUOA
245 _aEthnic Broadcasting in the United States
300 _a171 p.
955 _a1
041 _aeng
080 _a94(73)
260 _bAmerican Folklore Center
_c1980
650 7 _a9 Географія. Біографії. Історія
_2UDC
999 _c431480
_d431480